Normal view
MARC view
Entry Personal Name
001 - CONTROL NUMBER
- control field: 892811
003 - CONTROL NUMBER IDENTIFIER
- control field:
005 - DATE AND TIME OF LATEST TRANSACTION
- control field: 20210627092022.0
008 - FIXED-LENGTH DATA ELEMENTS
- fixed length control field: 210627|| aca||aabn | a|a d
040 ## - CATALOGING SOURCE
- Original cataloging agency:
- Transcribing agency:
100 ## - HEADING--PERSONAL NAME
- Personal name: Corley, Anthony,
- Dates associated with a name: 1923-
670 ## - SOURCE DATA FOUND
- Source citation: Work cat.: ()768476: Corley, Anthony, 1923-, The true book about Napoleon /, 1959 c1958
